Sociology and history : (Record no. 144459)

MARC details
000 -LEADER
fixed length control field 00838nam a22002297a 4500
005 - DATE AND TIME OF LATEST TRANSACTION
control field 20180626094416.0
010 ## - LCCN (DPL NO)
LC control number 1718EN-30 ENG-120880 B-687368-372
020 ## - INTERNATIONAL STANDARD BOOK NUMBER
International Standard Book Number 9789386392640
Terms of availability 495.00
035 ## - SYSTEM CONTROL NUMBER
System control number B-687368-372
035 ## - SYSTEM CONTROL NUMBER
System control number EN-104412
037 ## - SOURCE OF ACQUISITION
Source of stock number/acquisition Uppal
Stock number DPL
037 ## - SOURCE OF ACQUISITION
Source of stock number/acquisition DBAD/PUB
082 ## - DEWEY DECIMAL CLASSIFICATION NUMBER
Classification number 320.95443
100 ## - MAIN ENTRY--PERSONAL NAME
Personal name Shah, A.M.
245 ## - TITLE STATEMENT
Title Sociology and history :
Statement of responsibility, etc by A.M. Shah
Remainder of title dialogues towards integration /
260 ## - PUBLICATION, DISTRIBUTION, ETC. (IMPRINT)
Date of publication, distribution, etc 2017
Place of publication, distribution, etc New Delhi
Name of publisher, distributor, etc Orient Blackswan
270 ## - ADDRESS
Address 1/24, Asaf Ali Road
City New Delhi
Postal code 110002
300 ## - PHYSICAL DESCRIPTION
Dimensions 23cm(pbk)
Extent xii,254p.
500 ## - GENERAL NOTE
General note Includes bibliographical references
942 ## - ADDED ENTRY ELEMENTS (KOHA)
Item type English Books
Source of classification or shelving scheme Dewey Decimal Classification
Call number suffix SHA
Classification part 320.95443
Holdings
Withdrawn status Lost status Not for loan Collection code Home library Current library Date acquired Source of acquisition Cost, normal purchase price Full call number Barcode Copy number Cost, replacement price Koha item type
      Non-fiction Ashok Vihar Ashok Vihar 26/06/2018 Uppal 14846/04.12.2017/691/20.11.2017/10.01.2018 495.00 320.95443 SHA B-687372 1 495.00 English Books
    Not For Loan Non-fiction D.B.Act.Division Bawana 18/10/2017 DBAD/PUB 495.00 320.95443 SHA EN-104412 1 495.00 English Books
      Non-fiction Central Library Central Library 26/06/2018 Uppal 14846/04.12.2017/691/20.11.2017/10.01.2018 495.00 320.95443 SHA B-687368 1 495.00 English Books
      Non-fiction Mobile Library Mobile Library 26/06/2018 Uppal 14846/04.12.2017/691/20.11.2017/10.01.2018 495.00 320.95443 SHA B-687369 2 495.00 English Books
      Non-fiction Mobile Library Mobile Library 26/06/2018 Uppal 14846/04.12.2017/691/20.11.2017/10.01.2018 495.00 320.95443 SHA B-687370 2 495.00 English Books
      Non-fiction New Police Line New Police Line 26/06/2018 Uppal 14846/04.12.2017/691/20.11.2017/10.01.2018 495.00 320.95443 SHA B-687371 1 495.00 English Books

© Delhi Public Library
Hit Counter
free hit counter